00621nam a2200169Ia 4500008004100000020002200041082001600063100002200079245011300101250000800214260003200222300001100254600002100265942000700286952014100293999001700434250916s9999 xx 000 0 und d a978-1-032-11910-6 a005.133 BAE aBaez-Lopez, David 0aIntroduction to python:bwith applications in optimization, image and video processing, and machine learning a1st aNew York:bCRC Press,c2024 a436 p. aComputer Science cBK 001040708CSaUITUbUITUd2025-07-31eCapital Boo Co.g27489.00l0o005.133 BAEpQ15976r2025-09-16 13:12:09v34361.25w2025-09-16yBK c31601d31601